Home Remedies: (Record no. 173629)

MARC details
000 -LEADER
fixed length control field 00645nam a22001937a 4500
005 - DATE AND TIME OF LATEST TRANSACTION
control field 20200304104311.0
010 ## - LCCN (DPL NO)
LC control number ENG-127963
020 ## - INTERNATIONAL STANDARD BOOK NUMBER
International Standard Book Number 9789350578513
Terms of availability 295
035 ## - SYSTEM CONTROL NUMBER
System control number EN-111495
037 ## - SOURCE OF ACQUISITION
Source of stock number/acquisition DBAD/PUB
082 ## - DEWEY DECIMAL CLASSIFICATION NUMBER
Classification number 610.954
100 ## - MAIN ENTRY--PERSONAL NAME
Personal name Sharma,Shiv Charan
245 ## - TITLE STATEMENT
Title Home Remedies:
Statement of responsibility, etc by Shiv Charan Sharma [and] Syed Aziz Ahmad
Remainder of title for curing common Ailments/
260 ## - PUBLICATION, DISTRIBUTION, ETC. (IMPRINT)
Place of publication, distribution, etc New Delhi
Name of publisher, distributor, etc V & S Publishers
Date of publication, distribution, etc 2017
270 ## - ADDRESS
Address 2/16, Ansari Road,Daryaganj
City New Delhi
Postal code 110002
Electronic mail address info@vspublishers.com
300 ## - PHYSICAL DESCRIPTION
Extent 124p.
Dimensions 24cm(pbk)
500 ## - GENERAL NOTE
General note include bibliographical references
942 ## - ADDED ENTRY ELEMENTS (KOHA)
Source of classification or shelving scheme Dewey Decimal Classification
Item type English Books
Classification part 610.954
Call number suffix SHA
Holdings
Withdrawn status Lost status Not for loan Collection code Home library Current library Date acquired Source of acquisition Cost, normal purchase price Full call number Barcode Copy number Cost, replacement price Koha item type
      Non-fiction Bawana Bawana 04/03/2020 DBAD/PUB 295.00 610.954 SHA EN-111495 1 295.00 English Books

© Delhi Public Library
Hit Counter
free hit counter